00323nam a2200109Ia 4500008004100000041000800041082001400049100002500063245006200088260004400150300001900194241028s9999 xx 000 0 und d aeng a332.6 REI aReilly/ Brown/ Leeds aInvestment Analysis And Portfolio Management With Mindtap bCengage Learning IndiaaAustraliac2019 a786;. P. 25 cm